[Event "Moscow op-A 16th"]
[Site "Moscow"]
[Date "2020.01.30"]
[Round "6"]
[White "Khubukshanov, Erdem"]
[Black "Komissarov, Alexey"]
[Result "1-0"]
[WhiteElo "2343"]
[BlackElo "2152"]
[PlyCount "67"]
[EventDate "2020.01.25"]
[EventType "swiss"]
[EventRounds "9"]
[EventCountry "RUS"]
[SourceTitle "CBM 194 Extra"]
[Source "ChessBase"]
[SourceDate "2020.03.31"]
[SourceVersion "1"]
[SourceVersionDate "2020.03.31"]
[SourceQuality "1"]

1. e4 e5 2. Nf3 Nc6 3. Bc4 Nf6 4. d3 d5 5. exd5 Nxd5 6. 0-0 Bc5 7. Re1 0-0 8. Nxe5 Qh4 9. Qf3 Nf6 10. Nxc6 Ng4 11. d4 Qxh2+ 12. Kf1 Bd6 13. Ne7+ Bxe7 14. Rxe7 Nf6 15. Ke1 Bg4 16. Qg3 Qg1+ 17. Bf1 Rae8 18. Re5 Ne4 19. Qf4 f5 20. Nc3 Nd6 21. f3 Nc4 22. Re2 Bh5 23. b3 Nd6 24. Be3 Qh1 25. Bf2 h6 26. Qh4 Qxh4 27. Bxh4 g5 28. Bg3 f4 29. Bf2 g4 30. fxg4 Bxg4 31. Rxe8 Rxe8+ 32. Kd2 b5 33. Re1 Rb8 34. Nd5 1-0